00429 2200145 4500001002100000008004100021035002000062245007100082100002300153260003700176300002800213084001600241082000800257990001800265INLIS000000000000218 ind  a0010-0724000218 aAnak Peniru Yang HebatbPermasalahan dan SolusicTim Rumah Menulis aMenulis, Tim Rumah aSurabaya :bRumah Menulis,c2020 a154 hlm.c14,5 x 21 cm. a155.4 TIM a a155 aP29/CP/24/218